Tervezet
Elmentve itt :
| Szerző: | |
|---|---|
| További közreműködők: | |
| Dokumentumtípus: | Könyv része |
| Megjelent: |
2000
|
| Sorozat: | Documenta Historica
Načertanije : a szerb nemzeti és külpolitika titkos dokumentuma, 1844 |
| Kulcsszavak: | Külpolitika - Szerbia - 19. sz. - forrás |
| Tárgyszavak: | |
| Online Access: | http://acta.bibl.u-szeged.hu/10885 |
| LEADER | 00787naa a2200229 i 4500 | ||
|---|---|---|---|
| 001 | acta10885 | ||
| 005 | 20211214080359.0 | ||
| 008 | 161015s2000 hu o 0|| hun d | ||
| 022 | |a 1216-0954 | ||
| 040 | |a SZTE Egyetemi Kiadványok Repozitórium |b hun | ||
| 041 | |a hun | ||
| 100 | 1 | |a Garašanin Ilija | |
| 245 | 1 | 0 | |a Tervezet |h [elektronikus dokumentum] / |c Garašanin Ilija |
| 260 | |c 2000 | ||
| 300 | |a 11-25 | ||
| 490 | 0 | |a Documenta Historica | |
| 490 | 0 | |a Načertanije : a szerb nemzeti és külpolitika titkos dokumentuma, 1844 | |
| 650 | 4 | |a Bölcsészettudományok | |
| 650 | 4 | |a Történettudomány és régészet | |
| 695 | |a Külpolitika - Szerbia - 19. sz. - forrás | ||
| 700 | 0 | 1 | |a Szajcsán Éva |
| 856 | 4 | 0 | |u http://acta.bibl.u-szeged.hu/10885/1/doc_046_011-025.pdf |z Dokumentum-elérés |